Gemeinden Landkreis Freyung-Grafenau - Statistiken

Allgemein
  • Dieses Quiz wurde 73 mal gespielt
  • Das Durchschnittsergebnis liegt bei 13 aus 25
Antwortstatistiken
Einwohner Gemeindeart Gemeinde % Korrekt
7.171 Stadt, Kreisstadt Freyung
100%
8.247 Stadt Grafenau
98%
10.704 Stadt Waldkirchen
87%
4.314 Markt Röhrnbach
67%
2.473 Gemeinde Grainet
63%
2.929 Markt Perlesreut
61%
3.315 Gemeinde Jandelsbrunn
57%
2.181 Gemeinde Mauth
57%
4.437 Gemeinde Neureichenau
57%
631 Gemeinde Philippsreut
52%
3.897 Gemeinde Spiegelau
50%
2.899 Gemeinde St.Oswald-Riedlhütte
48%
1.319 Gemeinde Haidmühle
46%
2.425 Gemeinde Hinterschmiding
43%
3.283 Gemeinde Hohenau
43%
1.883 Gemeinde Ringelai
43%
2.435 Gemeinde Thurmansbang
43%
2.199 Gemeinde Neuschönau
37%
3.812 Markt Schönberg
37%
2.028 Gemeinde Saldenburg
35%
933 Gemeinde Eppenschlag
30%
849 Gemeinde Fürsteneck
30%
1.546 Gemeinde Innernzell
28%
1.307 Gemeinde Schöfweg
28%
1.145 Gemeinde Zenting
28%
Keine übereinstimmenden Quizze gefunden
Verteilung der Resultate
Anzahl Personen mit jedem Resultat
Perzentil nach korrekt beantworteten Fragen
Ihre Resultats-Entwicklung
Sie haben dieses Quiz noch nicht gespielt